000 00744nam a2200253Ia 4500
003 OSt
005 20220928102139.0
006 a|||||r|||| 00| 0
007 ta
008 220927b |||||||| |||| 00| 0 hin d
020 _c300
024 _a69800
037 _b6884, 06/02/2013, Rajkamal Prakashan Pvt.Ltd.
_cTextual
040 _aSDCL
_cSDCL
_bhin
041 _2hin
_ahin
082 _aO152,3N487,5, Q2
100 _aSharma Nasira
_9396807
245 0 _aAjanabi jazeera.
260 _aNew Delhi
_bLokbharti Prakashan
_c2012
300 _a144p
_ccm.
650 _aHindi
_9391598
942 _hO152,3N487,5, Q2
_cTEXL
_2CC
999 _c712570
_d712570